Ulice w Gdańsku zaczynające się na V lub W - Statystyki

Ogólne statystyki
  • Ten quiz został rozwiązany 8 razy
  • Średni wynik to 16 z 113
Statystyki odpowiedzi
Odpowiedź % Poprawnych
Warszawska
60%
Wierzbowa
60%
Wileńska
60%
Wrześniowa
60%
Volty
40%
Wadowicka
40%
Wallenroda
40%
Warneńska
40%
Wejhera
40%
Wiecka
40%
Wielkopolska
40%
Wilanowska
40%
Wilcza
40%
Winogronowa
40%
Władysławowska
40%
Wolności
40%
Wróbla
40%
Wrocławska
40%
Wypoczynkowa
40%
Wyspiańskiego
40%
Victorii
20%
VII Dwór
20%
Wajdeloty
20%
Walecznych
20%
Wałowa
20%
Wały Jagiellońskie
20%
Wartka
20%
Wawelska
20%
Wąwóz
20%
Wczasy
20%
Węgorzowa
20%
Wenus
20%
Węsierska
20%
Wesoła
20%
Więckowskiego
20%
Wielewska
20%
Wielkie Młyny
20%
Wilgi
20%
Wilka-Krzyżanowskiego
20%
Willowa
20%
Wiosenna
20%
Wiosłowa
20%
Wiśniowa
20%
Wita Stwosza
20%
Witkiewicza
20%
Władysława IV
20%
Wodna
20%
Wojnarskiego
20%
Wolińska
20%
Wołkowyska
20%
Wołyńska
20%
Wronia
20%
Wronki
20%
Wrzeszczańska
20%
Wschodnia
20%
Wydmy
20%
Wyrobka
20%
Wyzwolenia
20%
Wagnera
0%
Waldorffa
0%
Wały Piastowskie
0%
Wapiennicza
0%
Waryńskiego
0%
Warzywnicza
0%
Wąsika
0%
Wąskotorowa
0%
Wąsowicza
0%
Wassowskiego
0%
Wdzydzka
0%
Wegi
0%
Węglarska
0%
Węgrzyna
0%
Wełniarska
0%
Wendy
0%
Westy
0%
Wichrowe Wzgórze
0%
Widlińska
0%
Widok
0%
Więcierze
0%
Wieczorkiewicza
0%
Wielopole
0%
Wieniawskiego
0%
Wieniecka
0%
Wiesława
0%
Wiewiórcza
0%
Wieżycka
0%
Wigierska
0%
Wika-Czarnowskiego
0%
Wiłkomirskiego
0%
Wilków Morskich
0%
Winnicka
0%
Wiolinowa
0%
Wiosny Ludów
0%
Wiślna
0%
Witosa
0%
Własna Strzecha
0%
Włóczników
0%
Wodnika
0%
Wodopój
0%
Wojska Polskiego
0%
Wojskiego
0%
Wolarza
0%
Worcella
0%
Woźnicy
0%
Wróblewskiego
0%
Wrzosy
0%
Współczesna
0%
Wspólna
0%
Wspornikowa
0%
Wyciąg
0%
Wyczółkowskiego
0%
Wygon
0%
Wyposażeniowców
0%
Nie znaleziono quizów pasujących do podanych kryteriów
Rozkład punktacji
Procent ludzi z każdym wynikiem
Percentyl według liczby udzielonych odpowiedzi
Twoja historia wyników
Nie rozwiązałeś tego quizu